000 00721nam a22002057a 4500
999 _c19503
_d19503
003 AR-CdUCM
008 190517b ||||| |||| 00| 0 spa d
040 _aMUNICIPALIDAD PROVINCIAL DEL CUSCO
_cBIBLIOTECA MUNICIPAL DEL CUSCO
082 _a375.44 /
_bJ13
100 _aJadoulle, Andréa
_940872
245 _aComo trabaja un laboratorio pedagógico /
260 _aBuenos Aires :
_bKapelusz,
_c1958.
300 _a157 páginas ;
_c23 cm.
505 _aContenido : Trabajo con los niños -- Exámenes colectivos -- Apreciación del comportamiento social...
650 _aTrabajo en aula
_940873
650 _aTrabajo familiar
_940874
650 _aComportamiento social
_940875
942 _2ddc
_cLIBROS
945 _arcc